Jane Austen – One of the Most Prominent Female Writers of the Era of Literary Realism bakalárska práca

Saved in:
Bibliographic Details
Main Author: Kulihová, Mária
Corporate Author: Fakulta aplikovaných jazykov EU v Bratislave. Katedra interkultúrnej komunikácie
Other Authors: Stradiotová, Eva, 1963-
Format: Book
Language:English
Published: Bratislava 2018
Tags: Add Tag
No Tags, Be the first to tag this record!

MARC

LEADER 00000nbm a2200000 4500
001 0244022
005 20180913144710.1
041 0 |a eng 
044 |a SK 
245 1 0 |a Jane Austen – One of the Most Prominent Female Writers of the Era of Literary Realism  |b bakalárska práca  |c Mária Kulihová ; školiteľ: Eva Stradiotová 
264 1 |a Bratislava  |c 2018 
300 |a 61 s. 
100 1 |a Kulihová, Mária 
700 1 |a Stradiotová, Eva, 1963- 
710 2 |a Fakulta aplikovaných jazykov EU v Bratislave. Katedra interkultúrnej komunikácie